000 00454nam a2200169Ia 4500
008 230524s9999 xx 000 0 und d
020 _a9788126510986
082 _bPAR
100 _aKeshab K. Parhi
_942727
245 0 _aVLSI Digital Signal Processing Systems: Design and Implementation
250 _a1
260 _aNew Delhi
_bWilly India
_c2014
300 _a"XIII,775p;"
500 _aQuantity Number: 1
650 _aElectronics
942 _cBK
999 _c57711
_d57711